| 000 | 00504nam a22001697a 4500 | ||
|---|---|---|---|
| 999 |
_c41057 _d41057 |
||
| 003 | OSt | ||
| 005 | 20210304094022.0 | ||
| 008 | 210304b ||||| |||| 00| 0 eng d | ||
| 020 | _a9789351380931 | ||
| 040 | _coclc | ||
| 082 |
_a420.9 _bWOO/O |
||
| 100 |
_96589 _a Wood, Frederick T |
||
| 245 |
_aAn Outline History Of The English Language / _cFrederick T Wood |
||
| 260 |
_aNew Delhi: _bTrinity Press, _c2016. |
||
| 300 | _a230p | ||
| 942 |
_2ddc _cBK _h420.9 _iWOO/O _k420.9 _mWOO/O |
||